Boletín demográfico sanitario. (Registro nro. 173076)

Detalles MARC
000 -LEADER
campo de control de longitud fija 00557nas a2200217 i 4500
001 - NÚMERO DE CONTROL
campo de control 173076
003 - IDENTIFICADOR DE NÚMERO DE CONTROL
campo de control ES-MaACL
005 - FECHA Y HORA DE LA ÚLTIMA TRANSACCIÓN
campo de control 20250217134834.0
008 - DATOS DE LONGITUD FIJA--INFORMACIÓN GENERAL
campo de control de longitud fija 091027d1904190? | | ||pa d
022 ## - NÚMERO INTERNACIONAL NORMALIZADO PARA PUBLICACIONES SERIADAS
Número Internacional Normalizado para Publicaciones Seriadas 1697-6355
080 ## - NÚMERO DE LA CLASIFICACIÓN DECIMAL UNIVERSAL
Número de la Clasificación Decimal Universal 314.144(460)
080 ## - NÚMERO DE LA CLASIFICACIÓN DECIMAL UNIVERSAL
Número de la Clasificación Decimal Universal 314.9(460)
245 00 - MENCIÓN DEL TÍTULO
Título Boletín demográfico sanitario.
260 ## - PUBLICACIÓN, DISTRIBUCIÓN, ETC.
Lugar de publicación, distribución, etc. Madrid :
Nombre del editor, distribuidor, etc. Ministerio de Gobernación,
Fecha de publicación, distribución, etc. 1904-
300 ## - DESCRIPCIÓN FÍSICA
Extensión 3 v. ;
Dimensiones 28 cm.
310 ## - PERIODICIDAD ACTUAL
Periodicidad actual Semestral
362 0# - FECHAS DE PUBLICACIÓN Y/O DESIGNACIÓN SECUENCIAL
Fecha de publicación y/o designación secuencial 1904-190?
852 ## - LOCALIZACIÓN
Ubicación ES-MaACL
Número de control de estantería C-11976-78
866 #0 - MENCIÓN TEXTUAL DE FONDOS--UNIDAD BIBLIOGRÁFICA BÁSICA
Fondos 1904,1908,1909.
Existencias
Estatus retirado Estado de pérdida Estado de daño No para préstamo Colección Biblioteca de origen Biblioteca actual Ubicación en estantería Fecha de adquisición Fuente de adquisición Total de préstamos Signatura topográfica completa Código de barras Visto por última vez Precio de reemplazo Tipo de ítem Koha
        Periódicos y Revistas Biblioteca del Ateneo de Madrid Biblioteca del Ateneo de Madrid Sala Palomar 27/10/2009     C-11976-78 1181608 23/02/2023 23/02/2023 Revista